000
00326nam a22001457a 4500
008
230123b ||||| |||| 00| 0 eng d
020
_a
0394735412
041
_a
eng
080
_a
573
082
_a
573PHI
100
_a
16
101
_a
BIOLO
245
_a
TREES OF NORTH AMERICA AND EUROPE
_c
PHILLIPS R
942
_2
udc
_c
BK
999
_c
59244
_d
59244